Estudio pre factibilidad para la instalación de un cine en el municipio de Granada durante el periodo 2019-2023
Determina la aceptación del mercado objetivo, nivel de absorción y mezcla de mercadotecnia por medio de una investigación de mercado, estima la viabilidad del proyecto a través del estudio técnico que defina la localización, ingeniería de proyecto, tamaño del proyecto, estructura organizacio...
| Main Authors: | , |
|---|---|
| Other Authors: | |
| Format: | Tesis Section = Libro |
| Language: | Undetermined Spanish |
| Published: |
Managua
UNI
2019
|
| Subjects: |
| LEADER | 01213nam a2200265Ia 4500 | ||
|---|---|---|---|
| 008 | 240830s9999 xx 000 0 und d | ||
| 040 | |a BIBLIOTECA-RUPAP Mon 658.404 G984 | ||
| 041 | |a spa | ||
| 082 | |a Mon 658.404 G984 | ||
| 100 | 1 | |a Gutiérrez Bermúdez, Eliezkar Asunción | |
| 100 | 1 | |b Largaespada Vado, José Absalón | |
| 245 | 1 | 0 | |a Estudio pre factibilidad para la instalación de un cine en el municipio de Granada durante el periodo 2019-2023 |
| 260 | |a Managua |b UNI |c 2019 | ||
| 300 | |a 209 p. :il. | ||
| 500 | |a Contiene: anexos y CD. | ||
| 502 | |a Tesis (Ingeniero Industrial)- UNI, 2019. | ||
| 520 | 3 | |a Determina la aceptación del mercado objetivo, nivel de absorción y mezcla de mercadotecnia por medio de una investigación de mercado, estima la viabilidad del proyecto a través del estudio técnico que defina la localización, ingeniería de proyecto, tamaño del proyecto, estructura organizacional y procedimientos legales. | |
| 650 | 7 | |a ESTUDIO DE FACTIBILIDAD | |
| 650 | 7 | |b ESTUDIO DE MERCADO | |
| 650 | 7 | |c ESTUDIO FINANCIERO | |
| 650 | 7 | |d CINE- INSTALACION- GRANADA | |
| 700 | 1 | |a Tutor: |b Vílchez Torres, Marcos Luis | |
| 942 | |c BK |2 ddc | ||
| 991 | |a TESIS | ||
| 999 | |c 17354 | ||